| 000 | 01163nam a2200229Ia 4500 | ||
|---|---|---|---|
| 003 | Ost | ||
| 005 | 20260507075613.0 | ||
| 008 | 260507s9999||||xx |||||||||||||| ||und|| | ||
| 020 | _a9789961018262 | ||
| 040 | _cfsecg | ||
| 041 | _aara | ||
| 082 | _a352.3840965 | ||
| 100 |
_aنوري، منير _eمؤلف |
||
| 245 | 0 |
_aالتسيير العملي والإتصالات الإدارية : _bالمفاهيم والتطبيقات / _c منير نوري |
|
| 260 |
_aالجزائر: _bديوان المطبوعات الجامعية, _c2015 |
||
| 300 |
_a237 صفحة؛ _bإيضاحات ؛ _c22 سم |
||
| 520 | _aتناول هذا الكتاب ماهية وأساسيات التسيير العملي وأهم تقنياته، بالاضافة الى مفهوم الإتصالات الإدارية بما في ذلك الاجتماعات والتوثيق والأرشفة والمراسلات الادارية وتطبيقاتها. | ||
| 653 | _aالإتصالات الإدارية - الجزائر | ||
| 653 | _aالإدارة العامة - الجزائر | ||
| 653 | _aالمؤسسات العامة - إدارة - الجزائر | ||
| 942 | _cكتاب | ||
| 999 |
_c45098 _d45098 |
||